| 000 | 00564nam a2200229Ia 4500 | ||
|---|---|---|---|
| 003 | OSt | ||
| 005 | 20220916111022.0 | ||
| 006 | a|||||r|||| 00| 0 | ||
| 007 | ta | ||
| 008 | 220915b |||||||| |||| 00| 0 eng d | ||
| 024 | _a110235 | ||
| 037 | _cTextbook | ||
| 040 |
_beng _aARTS _cARTS |
||
| 041 | _aeng | ||
| 082 | _aV3:17063:N, J5 | ||
| 100 | _aPyrah G C | ||
| 245 | 0 | _aImperial policy and the South Africa : 1902-10 | |
| 260 | _c1955 | ||
| 650 | _aHISTORY | ||
| 942 |
_hV3:17063:N, J5 _cTB _2CC |
||
| 999 |
_c103519 _d103519 |
||